[Event "Twente Young Master op-B"]
[Site "Twente"]
[Date "2007.08.07"]
[Round "2"]
[White "Schipper, Sven"]
[Black "Zegers, Jeroen"]
[Result "0-1"]
[WhiteElo "1000"]
[BlackElo "1539"]
[PlyCount "67"]
[EventDate "2007.08.06"]
[EventType "swiss"]
[EventRounds "9"]
[EventCountry "NED"]
[SourceTitle "EXT 2008"]
[Source "ChessBase"]
[SourceDate "2007.11.25"]
[SourceVersion "1"]
[SourceVersionDate "2007.11.25"]
[SourceQuality "1"]

1. g3 e5 2. Bg2 Nf6 3. Nc3 Bb4 4. Nf3 d6 5. 0-0 Nc6 6. Ng5 Bd7 7. Bd5 Nxd5 8. Nxd5 Ba5 9. d3 h6 10. Nxf7 Kxf7 11. e3 Rf8 12. c3 Ne7 13. Qh5+ Kg8 14. Nxe7+ Qxe7 15. Qe2 Bh3 16. Re1 Rf7 17. f4 exf4 18. Qh5 Qe6 19. Qxa5 fxg3 20. Bd2 g2 21. Qh5 Raf8 22. Qe2 Rf1+ 23. Rxf1 Rxf1+ 24. Rxf1 gxf1Q+ 25. Qxf1 Qg4+ 26. Kf2 Qf5+ 27. Kg3 Qxf1 28. e4 Qg2+ 29. Kf4 Qxd2+ 30. Kf3 g5 31. e5 d5 32. d4 h5 33. e6 h4 34. e7 0-1